| 000 | 01383nam a2200301 a 4500 | ||
|---|---|---|---|
| 001 | 39735 | ||
| 003 | BD-RjUL | ||
| 005 | 20211209053040.0 | ||
| 008 | 160417r20142004bg a|||| |||| 001 0 ben d | ||
| 020 |
_a9848391355 (V-1) _c: Tk. 200.00 |
||
| 020 |
_a9847000000774 (V-2) _c: Tk. 500.00 |
||
| 020 |
_a9847000001238 (V-3) _c: Tk. 400.00 |
||
| 020 |
_a9847000002212 (V-4) _c: Tk. 350.00 |
||
| 035 | _a(BD-RjUL)39848 | ||
| 040 |
_aBD-RjUL _bben _cBD-RjUL |
||
| 041 | _aben | ||
| 082 |
_223 _bUMA 2004-2014 _a954.9204 |
||
| 100 |
_aউমর, বদরুদ্দীন _9116667 |
||
| 245 | 1 | 0 |
_aআমার জীবন / _cবদরুদ্দীন উমর |
| 250 | _a২য় পরিমা. সং. | ||
| 260 |
_aঢাকা : _bসাহিত্যিকা ; _bজাতীয় সাহিত্য প্রকাশ ; _c২০০৪- ২০১৪ |
||
| 300 |
_a৪ খণ্ড : _bচিত্র ; _c২০ সেমি. |
||
| 500 | _aনির্ঘন্ট সংযুক্ত | ||
| 505 | _aখণ্ড ১ (১৯৩১-১৯৫০) -- খণ্ড ২ (১৯৫০-১৯৬৮) -- খণ্ড ৩ (১৯৬৮-১৯৭১) -- খণ্ড ৪ (২০১২-২০১৩) | ||
| 650 |
_aবাংলাদেশ _xরাজনীতি ও সরকার _9118698 |
||
| 650 |
_aBangladesh _xPolitics and government. _9118699 |
||
| 942 |
_2ddc _cBK |
||
| 999 |
_c39735 _d39735 |
||